[Event "Oberliga Sued W 2324"]
[Site "Germany"]
[Date "2023.12.03"]
[Round "4.3"]
[White "Yakovenko, Oleg"]
[Black "Feidt, Jonas"]
[Result "1/2-1/2"]
[WhiteElo "2255"]
[BlackElo "1946"]
[PlyCount "74"]
[EventDate "2023.09.17"]
[EventType "team-tourn"]
[EventRounds "9"]
[EventCountry "GER"]
[SourceTitle "EXT 2025"]
[Source "ChessBase"]
[SourceDate "2024.10.14"]
[SourceVersion "1"]
[SourceVersionDate "2024.10.14"]
[SourceQuality "1"]
[WhiteTeam "Kaiserslautern"]
[BlackTeam "Illingen Turm"]
[WhiteTeamCountry "GER"]
[BlackTeamCountry "GER"]

1. Nf3 Nf6 2. c4 c5 3. d4 e6 4. Nc3 cxd4 5. Nxd4 Bb4 6. g3 Ne4 7. Qd3 Qa5 8. Nb3 Qf5 9. Qe3 Nc6 10. Bg2 Nxc3 11. bxc3 Be7 12. c5 0-0 13. 0-0 d5 14. cxd6 Bxd6 15. Nd4 Nxd4 16. cxd4 Rb8 17. Ba3 Bxa3 18. Qxa3 Bd7 19. e4 Qb5 20. Rab1 Qa4 21. Qxa4 Bxa4 22. Rfc1 Rfd8 23. Rc7 b5 24. d5 exd5 25. exd5 a6 26. Re1 Re8 27. Rxe8+ Rxe8 28. f4 Kf8 29. Kf2 b4 30. Bf1 Bb5 31. d6 Rd8 32. Bxb5 axb5 33. Rc6 Ke8 34. Rb6 Ra8 35. Rxb5 Rxa2+ 36. Ke3 Kd7 37. Rxb4 Kxd6 1/2-1/2

[Event "GER-ch 94th"]
[Site "Ostfildern"]
[Date "2023.08.17"]
[Round "5"]
[White "Feidt, Jonas"]
[Black "Bosselmann, Tom Linus"]
[Result "1/2-1/2"]
[WhiteElo "1974"]
[BlackElo "2106"]
[PlyCount "100"]
[EventDate "2023.08.14"]
[EventType "swiss"]
[EventRounds "9"]
[EventCountry "GER"]
[SourceTitle "CBM 215 Extra"]
[Source "ChessBase"]
[SourceDate "2023.09.30"]
[SourceVersion "1"]
[SourceVersionDate "2023.09.30"]
[SourceQuality "1"]

1. c4 e5 2. g3 Nc6 3. Nc3 g6 4. Bg2 Bg7 5. e4 d6 6. Nge2 f5 7. d3 Nf6 8. 0-0 0-0 9. Nd5 h6 10. h3 f4 11. gxf4 Nh5 12. f5 gxf5 13. exf5 Bxf5 14. Ng3 Nxg3 15. fxg3 Qd7 16. Kh2 Bg6 17. Be3 Rxf1 18. Qxf1 Rf8 19. Qe2 Kh8 20. Rf1 Rxf1 21. Qxf1 Nd4 22. b4 c6 23. Nc3 Nc2 24. Bxa7 Nxb4 25. Be4 Qf7 26. Qxf7 Bxf7 27. a3 Nc2 28. Bb8 Bf8 29. c5 d5 30. Bxe5+ Kg8 31. Bf5 Bxc5 32. a4 Nd4 33. Bxd4 Bxd4 34. Ne2 Be3 35. a5 Bd2 36. Bc8 Bxa5 37. Bxb7 c5 38. Nf4 d4 39. Kg2 Kg7 40. Kf3 Kf6 41. g4 Ke5 42. Be4 Bd2 43. Ng6+ Kf6 44. Nh4 Bb3 45. Ke2 Bc1 46. Nf3 Be6 47. Kd1 Bf4 48. Ke2 h5 49. gxh5 Bxh3 50. Nd2 Bg4+ 1/2-1/2

[Event "GER-ch 94th"]
[Site "Ostfildern"]
[Date "2023.08.16"]
[Round "3"]
[White "Herrmann, Jakob"]
[Black "Feidt, Jonas"]
[Result "1-0"]
[WhiteElo "2068"]
[BlackElo "1974"]
[PlyCount "33"]
[EventDate "2023.08.14"]
[EventType "swiss"]
[EventRounds "9"]
[EventCountry "GER"]
[SourceTitle "CBM 215 Extra"]
[Source "ChessBase"]
[SourceDate "2023.09.30"]
[SourceVersion "1"]
[SourceVersionDate "2023.09.30"]
[SourceQuality "1"]

1. e4 c6 2. Nc3 d5 3. Nf3 Bg4 4. h3 Bxf3 5. Qxf3 e6 6. Be2 Nd7 7. 0-0 Ngf6 8. d4 dxe4 9. Nxe4 Nxe4 10. Qxe4 Nf6 11. Qe3 Bd6 12. c4 0-0 13. b3 Rc8 14. Bb2 Qe7 15. Rad1 Rfd8 16. Bf3 Rc7 17. c5 1-0

[Event "Oberliga Sued W 2223"]
[Site "Germany"]
[Date "2023.04.23"]
[Round "8.5"]
[White "Feidt, Jonas"]
[Black "Cremer, Kevin"]
[Result "0-1"]
[WhiteElo "1964"]
[BlackElo "2262"]
[PlyCount "78"]
[EventDate "2022.10.23"]
[EventType "team-tourn"]
[EventRounds "9"]
[EventCountry "GER"]
[SourceTitle "EXT 2025"]
[Source "ChessBase"]
[SourceDate "2024.10.14"]
[SourceVersion "1"]
[SourceVersionDate "2024.10.14"]
[SourceQuality "1"]
[WhiteTeam "Illingen Turm"]
[BlackTeam "Schott Mainz"]
[WhiteTeamCountry "GER"]
[BlackTeamCountry "GER"]

1. c4 e6 2. g3 Nf6 3. Bg2 d5 4. Nf3 dxc4 5. Qa4+ Bd7 6. Qxc4 c5 7. 0-0 Nc6 8. Nc3 Be7 9. d4 b5 10. Qd3 c4 11. Qc2 Rc8 12. e4 Nb4 13. Qe2 Nd3 14. Ne5 b4 15. Nb1 Bb5 16. Be3 Nxe5 17. dxe5 Nd7 18. f4 c3 19. Qxb5 cxb2 20. Nd2 bxa1Q 21. Rxa1 Bc5 22. Bxc5 Rxc5 23. Qxb4 Qb6 24. Qxb6 axb6 25. Bf1 Rc2 26. Nc4 Ke7 27. Na3 Rc5 28. Nb5 g5 29. Bd3 gxf4 30. gxf4 Rd8 31. Nd6 Nxe5 32. fxe5 Rxe5 33. Nc4 Rg5+ 34. Kf2 Rxd3 35. Nxb6 Rb5 36. Nc4 Rc3 37. a4 Rh5 38. Nb6 Rxh2+ 39. Kg1 Rhc2 0-1

[Event "Oberliga Sued W 2223"]
[Site "Germany"]
[Date "2023.03.19"]
[Round "7.4"]
[White "Feidt, Jonas"]
[Black "Kargoll, Peter"]
[Result "1-0"]
[WhiteElo "1908"]
[BlackElo "2133"]
[PlyCount "65"]
[EventDate "2022.10.23"]
[EventType "team-tourn"]
[EventRounds "9"]
[EventCountry "GER"]
[SourceTitle "EXT 2025"]
[Source "ChessBase"]
[SourceDate "2024.10.14"]
[SourceVersion "1"]
[SourceVersionDate "2024.10.14"]
[SourceQuality "1"]
[WhiteTeam "Illingen Turm"]
[BlackTeam "Frankenthal"]
[WhiteTeamCountry "GER"]
[BlackTeamCountry "GER"]

1. c4 e6 2. g3 d5 3. Bg2 Nf6 4. Nf3 Be7 5. 0-0 0-0 6. d4 b6 7. Qc2 Bb7 8. Bg5 Nbd7 9. cxd5 exd5 10. Nc3 c5 11. Rfd1 c4 12. Ne5 Re8 13. Nxc4 Rc8 14. Ne3 Ne4 15. Bxe7 Rxe7 16. Qd3 Nxc3 17. bxc3 Nf6 18. Rac1 g6 19. Qb5 a6 20. Qb3 b5 21. a4 Bc6 22. axb5 Bxb5 23. Nxd5 Rxe2 24. c4 Bc6 25. Qf3 Re6 26. Nxf6+ Rxf6 27. Qd3 Bxg2 28. Kxg2 a5 29. d5 Rc5 30. d6 Rcf5 31. Rc2 Qb6 32. Qd4 Qd8 33. c5 1-0

[Event "Oberliga Sued W 2223"]
[Site "Germany"]
[Date "2023.02.05"]
[Round "5.4"]
[White "Feidt, Jonas"]
[Black "Hell, Manfred"]
[Result "1-0"]
[WhiteElo "1924"]
[BlackElo "2078"]
[PlyCount "104"]
[EventDate "2022.10.23"]
[EventType "team-tourn"]
[EventRounds "9"]
[EventCountry "GER"]
[SourceTitle "EXT 2025"]
[Source "ChessBase"]
[SourceDate "2024.10.14"]
[SourceVersion "1"]
[SourceVersionDate "2024.10.14"]
[SourceQuality "1"]
[WhiteTeam "Illingen Turm"]
[BlackTeam "Winterbach Turm"]
[WhiteTeamCountry "GER"]
[BlackTeamCountry "GER"]

1. c4 Nf6 2. g3 g6 3. Bg2 Bg7 4. Nc3 0-0 5. Nf3 d6 6. 0-0 e5 7. d3 Nc6 8. Rb1 a5 9. a3 h6 10. b4 axb4 11. axb4 Nd7 12. Bd2 f5 13. Qb3 Kh7 14. Ra1 Rxa1 15. Rxa1 g5 16. Ra8 Nb6 17. Ra2 g4 18. Ne1 Be6 19. Nc2 f4 20. b5 Nd4 21. Nxd4 exd4 22. Nd5 f3 23. exf3 gxf3 24. Bf1 Nd7 25. Nf4 Bf5 26. Ra7 b6 27. Nd5 Rf7 28. Qd1 Ne5 29. Bf4 Qb8 30. Ra3 Bg4 31. Qa1 Qc8 32. Qxd4 Ng6 33. Qe3 Qf5 34. Qd2 Bh3 35. Qd1 Bg4 36. Ne3 Qh5 37. Nd5 Bd4 38. Be3 Be5 39. d4 Bg7 40. Ra7 Be6 41. Nb4 Bf8 42. Nc6 Rg7 43. d5 Bf5 44. Bd4 Rf7 45. Bxb6 Nf4 46. Rxc7 Rxc7 47. Bxc7 Bh3 48. Nd4 Bxf1 49. Qxf1 Ne2+ 50. Nxe2 fxe2 51. Qb1+ Qg6 52. Qxg6+ Kxg6 1-0

[Event "Oberliga Sued W 2223"]
[Site "Germany"]
[Date "2022.12.11"]
[Round "3.4"]
[White "Bruch, Ingo"]
[Black "Feidt, Jonas"]
[Result "1-0"]
[WhiteElo "2284"]
[BlackElo "1916"]
[PlyCount "41"]
[EventDate "2022.10.23"]
[EventType "team-tourn"]
[EventRounds "9"]
[EventCountry "GER"]
[SourceTitle "EXT 2025"]
[Source "ChessBase"]
[SourceDate "2024.10.14"]
[SourceVersion "1"]
[SourceVersionDate "2024.10.14"]
[SourceQuality "1"]
[WhiteTeam "Kaiserslautern"]
[BlackTeam "Illingen Turm"]
[WhiteTeamCountry "GER"]
[BlackTeamCountry "GER"]

1. d4 Nf6 2. Nf3 d5 3. e3 e6 4. Bd3 Bd6 5. 0-0 0-0 6. b3 c5 7. Bb2 Nc6 8. Nbd2 b6 9. a3 Bb7 10. Ne5 Qe7 11. f4 Rad8 12. Qf3 c4 13. bxc4 dxc4 14. Nexc4 Ne5 15. dxe5 Bxf3 16. exf6 gxf6 17. Rxf3 e5 18. Ne4 Bc7 19. Nxf6+ Qxf6 20. Rg3+ Kh8 21. Nxe5 1-0

[Event "Oberliga Sued W 2223"]
[Site "Germany"]
[Date "2022.10.23"]
[Round "1.5"]
[White "Feidt, Jonas"]
[Black "Busche, Stefan"]
[Result "1/2-1/2"]
[WhiteElo "1908"]
[BlackElo "2057"]
[PlyCount "87"]
[EventDate "2022.10.23"]
[EventType "team-tourn"]
[EventRounds "9"]
[EventCountry "GER"]
[SourceTitle "EXT 2025"]
[Source "ChessBase"]
[SourceDate "2024.10.14"]
[SourceVersion "1"]
[SourceVersionDate "2024.10.14"]
[SourceQuality "1"]
[WhiteTeam "Illingen Turm"]
[BlackTeam "Saarbruecken SVG"]
[WhiteTeamCountry "GER"]
[BlackTeamCountry "GER"]

1. c4 Nf6 2. g3 c6 3. Bg2 d5 4. Nf3 Bg4 5. d4 e6 6. h3 Bxf3 7. Bxf3 Nbd7 8. cxd5 exd5 9. 0-0 Bd6 10. Nc3 0-0 11. Re1 Re8 12. Qc2 Qb6 13. Rd1 Re7 14. Rb1 Rae8 15. b4 Qc7 16. Bg2 Ne4 17. Nxe4 dxe4 18. e3 Nf6 19. Bd2 a6 20. a4 Qd7 21. Rdc1 Qe6 22. Qb2 Rc8 23. b5 axb5 24. axb5 c5 25. dxc5 Rxc5 26. Rxc5 Bxc5 27. Rc1 b6 28. Bb4 Nd7 29. Rd1 h6 30. Bf1 Bxb4 31. Qxb4 Nc5 32. Rd4 g6 33. Rd8+ Re8 34. Qd4 Rxd8 35. Qxd8+ Kg7 36. Kg2 Qf6 37. Qd1 Qe6 38. Be2 h5 39. h4 Qf6 40. Qd2 Kg8 41. Qd5 Qe6 42. Qd4 Qd7 43. Qe5 Qe6 44. Qd4 1/2-1/2

[Event "GER-ch 93rd"]
[Site "Magdeburg"]
[Date "2022.08.20"]
[Round "9"]
[White "Feidt, Jonas"]
[Black "Burian, Simon"]
[Result "0-1"]
[WhiteElo "1901"]
[BlackElo "2211"]
[PlyCount "98"]
[EventDate "2022.08.14"]
[EventType "swiss"]
[EventRounds "9"]
[EventCountry "GER"]
[SourceTitle "CBM 209 Extra"]
[Source "ChessBase"]
[SourceDate "2022.09.30"]
[SourceVersion "1"]
[SourceVersionDate "2022.09.30"]
[SourceQuality "1"]

1. c4 c5 2. g3 Nf6 3. Bg2 d5 4. cxd5 Nxd5 5. Nc3 Nc7 6. Nf3 Nc6 7. 0-0 e5 8. a3 Rb8 9. d3 Be7 10. b3 0-0 11. Bb2 f6 12. Rc1 Be6 13. Ne4 Na6 14. Ned2 Qd7 15. Re1 Rfc8 16. Qc2 Bf8 17. Qb1 Qf7 18. Bc3 Nd4 19. Bxd4 cxd4 20. b4 Qd7 21. Ne4 Qa4 22. Qb2 Nc7 23. Nc5 Bxc5 24. Rxc5 b6 25. Rcc1 Nb5 26. e3 dxe3 27. fxe3 Qxa3 28. Qxa3 Nxa3 29. d4 e4 30. Nd2 f5 31. Rxc8+ Rxc8 32. Ra1 Nc2 33. Rxa7 Nxe3 34. Nf1 Rc1 35. Kf2 Nxf1 36. Bxf1 e3+ 37. Kxe3 Rxf1 38. Rb7 Re1+ 39. Kf2 Re4 40. Rxb6 Kf7 41. Rb7+ Kf6 42. b5 Rxd4 43. b6 Rb4 44. Rb8 Bd5 45. Ke3 Be4 46. h4 Rb3+ 47. Kd4 Rxg3 48. b7 Bxb7 49. Rxb7 Rg4+ 0-1

[Event "GER-ch 93rd"]
[Site "Magdeburg"]
[Date "2022.08.17"]
[Round "5"]
[White "Cofman, Veaceslav"]
[Black "Feidt, Jonas"]
[Result "1-0"]
[WhiteElo "2287"]
[BlackElo "1901"]
[PlyCount "115"]
[EventDate "2022.08.14"]
[EventType "swiss"]
[EventRounds "9"]
[EventCountry "GER"]
[SourceTitle "CBM 209 Extra"]
[Source "ChessBase"]
[SourceDate "2022.09.30"]
[SourceVersion "1"]
[SourceVersionDate "2022.09.30"]
[SourceQuality "1"]

1. d4 Nf6 2. c4 e6 3. Bf4 d5 4. Nc3 c6 5. e3 Nbd7 6. cxd5 exd5 7. Bd3 Be7 8. h3 0-0 9. Qc2 Re8 10. Nf3 Nf8 11. Ne5 Bd6 12. Bh2 Qe7 13. 0-0 N6d7 14. f4 f6 15. Nf3 Qxe3+ 16. Kh1 Qe7 17. Rae1 Qf7 18. Rxe8 Qxe8 19. Re1 Qf7 20. g4 Nb6 21. f5 Bxh2 22. Qxh2 Bd7 23. Qc7 Be6 24. Qd6 Bd7 25. a4 Re8 26. a5 Rxe1+ 27. Nxe1 Nc4 28. Bxc4 dxc4 29. Ng2 b5 30. a6 Be8 31. Qc5 Qd7 32. Nf4 Bf7 33. d5 Bxd5+ 34. Nfxd5 cxd5 35. Nxb5 g6 36. Nxa7 d4 37. Qxc4+ Kg7 38. Nb5 d3 39. Nc3 d2 40. Qe2 Qd4 41. Nd1 Nd7 42. Qe7+ Kg8 43. Qe3 Qd5+ 44. Kg1 Ne5 45. a7 Kg7 46. b3 Nf3+ 47. Kf2 Ne5 48. Ke2 gxf5 49. gxf5 h5 50. Nf2 Kh7 51. Qxd2 Qf3+ 52. Kf1 Kg7 53. Qe2 Qc6 54. Ne4 Qc1+ 55. Kg2 Qc6 56. Kh2 Qd5 57. Qg2+ Kf8 58. Nd2 1-0

[Event "Oberliga Sued W 2122"]
[Site "Germany"]
[Date "2022.05.15"]
[Round "3.5"]
[White "Feidt, Jonas"]
[Black "Bruch, Jochen"]
[Result "1-0"]
[WhiteElo "1628"]
[BlackElo "2197"]
[PlyCount "143"]
[EventDate "2021.10.24"]
[EventType "team-tourn"]
[EventRounds "9"]
[EventCountry "GER"]
[SourceTitle "EXT 2023"]
[Source "ChessBase"]
[SourceDate "2022.10.05"]
[SourceVersion "1"]
[SourceVersionDate "2022.10.05"]
[SourceQuality "1"]
[WhiteTeam "Illingen Turm"]
[BlackTeam "Landau"]
[WhiteTeamCountry "GER"]
[BlackTeamCountry "GER"]

1. c4 Nf6 2. g3 e6 3. Bg2 c5 4. Nf3 Be7 5. 0-0 0-0 6. b3 d6 7. Bb2 Bd7 8. e3 Nc6 9. Nc3 Be8 10. d4 cxd4 11. Nxd4 Rc8 12. Nc2 a6 13. e4 Qc7 14. Ne3 Qb8 15. Qe2 Bd7 16. Rfd1 Rfd8 17. Rac1 Na7 18. Nb1 b5 19. Nd2 Nc6 20. f4 Qb6 21. Kh1 Be8 22. h3 h6 23. Nb1 Na5 24. Bd4 Qb8 25. Bc3 Qc7 26. cxb5 Bxb5 27. Qd2 Nxb3 28. axb3 Qb8 29. Ba5 Re8 30. Nc3 Bc6 31. b4 Qb7 32. Qd3 Nh5 33. Kh2 Bb5 34. Nxb5 axb5 35. Qe2 g6 36. e5 d5 37. Bf1 Qa7 38. Ng4 Rc4 39. Qf2 Bc5 40. bxc5 Qxa5 41. Bxc4 bxc4 42. Ra1 Qc7 43. Rdb1 Rc8 44. Rb5 Ng7 45. Nxh6+ Kh7 46. Ng4 Nf5 47. Nf6+ Kg7 48. Rab1 d4 49. Ne4 Ne3 50. Rb7 Qc6 51. Ng5 Rc7 52. Rxc7 Qxc7 53. Ne4 Qc6 54. Qf3 c3 55. Ng5 Nd5 56. Qd3 Qxc5 57. Nf3 Qa3 58. Nxd4 Qa2+ 59. Qc2 Qc4 60. Qf2 Qd3 61. Nc2 Qe4 62. Rc1 Qd3 63. Nd4 Ne3 64. Ne2 c2 65. Ng1 g5 66. fxg5 Kg6 67. Qf6+ Kh7 68. Qxf7+ Kh8 69. Qf2 Kg7 70. Nf3 Nd1 71. Qxc2 Qxf3 72. Rxd1 1-0

[Event "Oberliga Sued W 2122"]
[Site "Germany"]
[Date "2021.11.14"]
[Round "2.7"]
[White "Jenner, Meikel"]
[Black "Feidt, Jonas"]
[Result "1-0"]
[WhiteElo "2006"]
[BlackElo "1628"]
[PlyCount "125"]
[EventDate "2021.10.24"]
[EventType "team-tourn"]
[EventRounds "9"]
[EventCountry "GER"]
[SourceTitle "EXT 2023"]
[Source "ChessBase"]
[SourceDate "2022.10.05"]
[SourceVersion "1"]
[SourceVersionDate "2022.10.05"]
[SourceQuality "1"]
[WhiteTeam "Saarbruecken"]
[BlackTeam "Illingen Turm"]
[WhiteTeamCountry "GER"]
[BlackTeamCountry "GER"]

1. d4 Nf6 2. c4 c5 3. Nf3 cxd4 4. Nxd4 e5 5. Nc2 d5 6. cxd5 Qxd5 7. Qxd5 Nxd5 8. e4 Nc7 9. Be3 Nc6 10. Nc3 Bd7 11. 0-0-0 0-0-0 12. Bc4 Ne6 13. Rd2 Be7 14. Rhd1 h6 15. Nb5 a6 16. Nd6+ Bxd6 17. Rxd6 Kc7 18. Bb6+ Kxb6 19. Rxd7 Rxd7 20. Rxd7 Ng5 21. Bd5 Rc8 22. h4 Ne6 23. Rxf7 Ned4 24. Nxd4 Nd8+ 25. Nc2 Nxf7 26. Bxf7 Rf8 27. Bh5 Rf4 28. Bf3 Rxh4 29. Kd2 Rf4 30. Ne3 Rf8 31. Nc4+ Kc5 32. Nxe5 Kd4 33. Ng4 h5 34. Ne3 g6 35. Nc2+ Ke5 36. Ke3 Rc8 37. Nb4 Rc4 38. Nd3+ Ke6 39. Bd1 Rc8 40. f4 b6 41. Bb3+ Kf6 42. Nb4 Rc1 43. Nd5+ Kg7 44. Nxb6 Rb1 45. Na4 Re1+ 46. Kf3 Rf1+ 47. Kg3 h4+ 48. Kg4 Rg1 49. Nc5 Rxg2+ 50. Kxh4 Rxb2 51. Nxa6 Rg2 52. Bd5 Rg1 53. Nc5 Kf6 54. a4 Ra1 55. Kg4 Rg1+ 56. Kf3 Rf1+ 57. Ke3 Re1+ 58. Kd4 Rf1 59. a5 Ke7 60. a6 Ra1 61. Bb7 Kd6 62. e5+ Ke7 63. Kd5 1-0

[Event "Oberliga Sued W 1920"]
[Site "Germany"]
[Date "2021.07.18"]
[Round "9.7"]
[White "Feidt, Jonas"]
[Black "Jenner, Meikel"]
[Result "0-1"]
[WhiteElo "1556"]
[BlackElo "1988"]
[PlyCount "64"]
[EventDate "2019.09.29"]
[EventType "team-tourn"]
[EventRounds "9"]
[EventCountry "GER"]
[SourceTitle "EXT 2023"]
[Source "ChessBase"]
[SourceDate "2022.10.05"]
[SourceVersion "1"]
[SourceVersionDate "2022.10.05"]
[SourceQuality "1"]
[WhiteTeam "Illingen Turm"]
[BlackTeam "Saarbruecken SVG"]
[WhiteTeamCountry "GER"]
[BlackTeamCountry "GER"]

1. c4 e5 2. e3 a6 3. Nc3 Bc5 4. Nf3 d6 5. d4 exd4 6. exd4 Ba7 7. Bd3 Bg4 8. 0-0 Ne7 9. h3 Bh5 10. Re1 c6 11. Bf4 d5 12. c5 Bxf3 13. Qxf3 0-0 14. Bg5 f6 15. Bf4 Nd7 16. Bd6 Re8 17. Qg4 Nf8 18. Re3 Bb8 19. Bxb8 Rxb8 20. Rae1 Kf7 21. Na4 Qd7 22. Qg3 Neg6 23. Nb6 Rxe3 24. Rxe3 Qd8 25. Bf5 Ne7 26. Be6+ Nxe6 27. Rxe6 Kxe6 28. Qxg7 Qg8 29. Qh6 Qg5 30. Qxh7 Rg8 31. g3 Rg7 32. Qd3 Qf5 0-1

[Event "GER-chT School WK 2"]
[Site "Playchess.com INT"]
[Date "2020.06.15"]
[Round "7.2"]
[White "Ehrig, Leon Chris"]
[Black "Feidt, Jonas"]
[Result "1-0"]
[WhiteElo "1571"]
[BlackElo "1819"]
[PlyCount "57"]
[EventDate "2020.06.08"]
[EventType "team-swiss (blitz)"]
[EventRounds "7"]
[EventCountry "GER"]
[SourceTitle "EXT 2021"]
[Source "ChessBase"]
[SourceDate "2020.10.23"]
[SourceVersion "1"]
[SourceVersionDate "2020.10.23"]
[SourceQuality "1"]
[WhiteTeam "Hohe Lessing Gymn"]
[BlackTeam "Ottweiler Gymn"]
[WhiteTeamCountry "GER"]
[BlackTeamCountry "GER"]

1. e4 e5 2. Nf3 Nc6 3. Bc4 Nf6 4. d3 d5 5. exd5 Nxd5 6. 0-0 Be7 7. Re1 0-0 8. Nxe5 Nxe5 9. Rxe5 c6 10. Bxd5 cxd5 11. Nc3 Bd6 12. Rxd5 Be6 13. Rh5 Qd7 14. Rh4 Be7 15. Re4 f5 16. Re1 Qc6 17. Qe2 Rf6 18. Qf3 Qc7 19. Bg5 Rg6 20. Bxe7 Qxe7 21. Qxf5 Bxf5 22. Rxe7 Bh3 23. g3 Rb6 24. b3 Rc8 25. Nd5 Rd6 26. c4 b5 27. Rxa7 bxc4 28. bxc4 Bf5 29. Ne7+ 1-0

[Event "GER-chT School WK 2"]
[Site "Playchess.com INT"]
[Date "2020.06.08"]
[Round "1.2"]
[White "Papadopoulos, Ioannis1"]
[Black "Feidt, Jonas"]
[Result "1-0"]
[WhiteElo "2020"]
[BlackElo "1819"]
[PlyCount "27"]
[EventDate "2020.06.08"]
[EventType "team-swiss (blitz)"]
[EventRounds "7"]
[EventCountry "GER"]
[SourceTitle "EXT 2021"]
[Source "ChessBase"]
[SourceDate "2020.10.23"]
[SourceVersion "1"]
[SourceVersionDate "2020.10.23"]
[SourceQuality "1"]
[WhiteTeam "Oberursel Gymn"]
[BlackTeam "Ottweiler Gymn"]
[WhiteTeamCountry "GER"]
[BlackTeamCountry "GER"]

1. e4 e5 2. Nf3 Nc6 3. Bc4 Nf6 4. 0-0 Bc5 5. d4 Nxd4 6. Nxe5 0-0 7. Be3 Ne6 8. Bxe6 Bxe3 9. Bxf7+ Rxf7 10. Nxf7 Kxf7 11. fxe3 Kg8 12. e5 Ne8 13. Qd5+ Kh8 14. Rf8# 1-0

[Event "GER-ch U18 sf Berlin Online"]
[Site "Playchess.com INT"]
[Date "2020.05.01"]
[Round "12"]
[White "Burkart, Lloyd Shang"]
[Black "Feidt, Jonas"]
[Result "1-0"]
[WhiteElo "1620"]
[BlackElo "1607"]
[PlyCount "95"]
[EventDate "2020.05.01"]
[EventType "swiss (blitz)"]
[EventRounds "13"]
[EventCountry "GER"]
[SourceTitle "CBM 195 Extra"]
[Source "ChessBase"]
[SourceDate "2020.05.31"]
[SourceVersion "1"]
[SourceVersionDate "2020.05.31"]
[SourceQuality "1"]

1. e4 c6 2. Nc3 d5 3. Nf3 Bg4 4. h3 Bxf3 5. Qxf3 e6 6. d3 Nd7 7. g3 Ngf6 8. Bg2 Be7 9. 0-0 0-0 10. Qe2 dxe4 11. dxe4 Qb6 12. b3 Bb4 13. Bb2 Qa5 14. Nd1 Rfd8 15. Ne3 Bc3 16. Nc4 Qb4 17. a3 Qxc4 18. bxc4 Bxb2 19. Rab1 Bxa3 20. Rxb7 Nc5 21. Rbb1 Ncd7 22. Rfd1 Ne5 23. Rxd8+ Rxd8 24. Rd1 Rxd1+ 25. Qxd1 h6 26. Qd4 Ned7 27. Qxa7 Bc5 28. Qa8+ Kh7 29. Qxc6 Bd4 30. Kf1 e5 31. f4 Bc3 32. fxe5 Nxe5 33. Qc7 Ned7 34. c5 Be5 35. Qc8 Bxg3 36. c6 Nb6 37. Qb7 Nc4 38. c7 Ne3+ 39. Kg1 Bxc7 40. Qxc7 Nxg2 41. Kxg2 Nxe4 42. Qxf7 Ng5 43. Qf5+ g6 44. Qd7+ Kg8 45. c4 Nf7 46. c5 Kf8 47. c6 Ne5 48. Qd6+ 1-0

[Event "GER-ch U18 sf Berlin Online"]
[Site "Playchess.com INT"]
[Date "2020.05.01"]
[Round "3"]
[White "Butenandt, Svenja"]
[Black "Feidt, Jonas"]
[Result "1-0"]
[WhiteElo "1764"]
[BlackElo "1607"]
[PlyCount "109"]
[EventDate "2020.05.01"]
[EventType "swiss (blitz)"]
[EventRounds "13"]
[EventCountry "GER"]
[SourceTitle "CBM 195 Extra"]
[Source "ChessBase"]
[SourceDate "2020.05.31"]
[SourceVersion "1"]
[SourceVersionDate "2020.05.31"]
[SourceQuality "1"]

1. d4 Nf6 2. c4 e6 3. Nc3 Bb4 4. e3 0-0 5. Nge2 Re8 6. a3 Bf8 7. e4 d6 8. Bg5 h6 9. Bh4 e5 10. d5 c6 11. f3 a6 12. Nc1 b5 13. dxc6 bxc4 14. Nd5 Nxc6 15. Nxf6+ gxf6 16. Bxc4 Nd4 17. 0-0 Bg7 18. f4 Qb6 19. Bf2 Bb7 20. Nb3 Bxe4 21. Nxd4 exd4 22. Bxd4 Qc6 23. Qb3 Rf8 24. Rf2 Rab8 25. Qc3 Rbc8 26. Ba2 Qb5 27. Qg3 Qf5 28. Re1 Qg6 29. Qe3 Rc2 30. Qxe4 Qxe4 31. Rxe4 Rxf2 32. Kxf2 f5 33. Bxg7 Kxg7 34. Rd4 Rb8 35. b4 a5 36. Ke3 axb4 37. axb4 Re8+ 38. Kd3 Re1 39. Rxd6 Rd1+ 40. Kc4 Rxd6 41. Kc5 Rd2 42. Bd5 Rf2 43. b5 Rxf4 44. b6 Rf2 45. b7 Rb2 46. Kd6 Kf6 47. Kc7 Ke5 48. Bc6 Kf4 49. b8Q Rxb8 50. Kxb8 Kg4 51. Kc7 f4 52. Kd6 f3 53. Bxf3+ Kh4 54. Ke7 Kg5 55. Kxf7 1-0

[Event "GER-ch U18 sf Berlin Online"]
[Site "Playchess.com INT"]
[Date "2020.05.01"]
[Round "4"]
[White "Feidt, Jonas"]
[Black "Bosselmann, Tom Linus"]
[Result "1-0"]
[WhiteElo "1607"]
[BlackElo "1767"]
[PlyCount "125"]
[EventDate "2020.05.01"]
[EventType "swiss (blitz)"]
[EventRounds "13"]
[EventCountry "GER"]
[SourceTitle "CBM 195 Extra"]
[Source "ChessBase"]
[SourceDate "2020.05.31"]
[SourceVersion "1"]
[SourceVersionDate "2020.05.31"]
[SourceQuality "1"]

1. c4 e5 2. g3 Nc6 3. Nc3 f5 4. Nf3 Nf6 5. d4 e4 6. Nh4 d6 7. Bh3 g6 8. 0-0 Be7 9. Bh6 Kf7 10. f3 exf3 11. Nxf3 Re8 12. Qb3 Na5 13. Qa4 Nc6 14. Rad1 Kg8 15. Ng5 Ng4 16. Bxg4 Bxg5 17. Bxg5 Qxg5 18. Bf3 Bd7 19. Qb3 f4 20. Kg2 fxg3 21. hxg3 Rab8 22. Ne4 Qe7 23. Nf6+ Kh8 24. Nxe8 Qxe8 25. Qc3 Kg8 26. Bd5+ Be6 27. Bxe6+ Qxe6 28. d5 Qe4+ 29. Qf3 Qxf3+ 30. Rxf3 Ne5 31. Rf4 Re8 32. Kf2 g5 33. Rfd4 h6 34. Rh1 Kg7 35. b3 Kg6 36. Rdd1 Rf8+ 37. Kg2 Ng4 38. Rhf1 Ne3+ 39. Kg1 Rxf1+ 40. Rxf1 Nxf1 41. Kxf1 Kf5 42. Kg2 Kg4 43. e3 h5 44. e4 h4 45. c5 hxg3 46. cxd6 cxd6 47. e5 Kf5 48. exd6 Kf6 49. Kxg3 Kf7 50. Kg4 Ke8 51. Kxg5 Kd7 52. Kf5 Kxd6 53. Ke4 b6 54. Kd4 a6 55. a3 a5 56. a4 Kd7 57. Kc4 Kd6 58. Kb5 Kxd5 59. Kxb6 Kd4 60. Kxa5 Kc3 61. Kb6 Kxb3 62. a5 Kb4 63. a6 1-0

[Event "GER-ch U18 sf Berlin Online"]
[Site "Playchess.com INT"]
[Date "2020.05.01"]
[Round "2"]
[White "Feidt, Jonas"]
[Black "Joeres, Stefan"]
[Result "1-0"]
[WhiteElo "1607"]
[BlackElo "1769"]
[PlyCount "81"]
[EventDate "2020.05.01"]
[EventType "swiss (blitz)"]
[EventRounds "13"]
[EventCountry "GER"]
[SourceTitle "CBM 195 Extra"]
[Source "ChessBase"]
[SourceDate "2020.05.31"]
[SourceVersion "1"]
[SourceVersionDate "2020.05.31"]
[SourceQuality "1"]

1. c4 Nf6 2. g3 g6 3. Bg2 Bg7 4. Nc3 0-0 5. e4 d6 6. d3 c5 7. Nge2 Nc6 8. 0-0 Bg4 9. h3 Bxe2 10. Nxe2 Nd7 11. Rb1 Nd4 12. a3 e5 13. b4 b6 14. Be3 Qe7 15. Kh2 Rad8 16. Nc3 f5 17. Nd5 Qf7 18. Bg5 Rde8 19. exf5 gxf5 20. Nc7 Qg6 21. Nxe8 Rxe8 22. Be3 Nf6 23. bxc5 dxc5 24. Bxd4 cxd4 25. a4 e4 26. dxe4 fxe4 27. a5 e3 28. fxe3 dxe3 29. Qe2 Nh5 30. Rf3 Be5 31. axb6 Nxg3 32. Rxg3 Qxg3+ 33. Kg1 Qh2+ 34. Kf1 Rf8+ 35. Ke1 Bc3+ 36. Kd1 Qb8 37. Bd5+ Kh8 38. Qxe3 Rf1+ 39. Kc2 Rxb1 40. Qxc3+ Qe5 41. Qxe5# 1-0